000 00607nam a2200217Ia 4500
005 20250508165751.0
008 008 250505s9999 xx 000 0 eng d
020 _a978-0-8077-5660-7
037 _aReference
040 _aFEDL
_beng
_cFEDL
041 _aeng
_2eng
084 _a510.7, CLA/RR
_qFEDL
100 _aClausen-May Tandi
_9781885
245 0 _aTeaching mathematics visually and actively
250 _a2
260 _aLondon, UK
_bSage Publications Ltd.
_c2013
300 _axii, 105p.
365 _aGBP
_b28.1
942 _cREF
_h510.7, CLA/RR
999 _c1397354
_d1397354